[Event "Pardubice Czech op-A 34th"]
[Site "Pardubice"]
[Date "2023.07.25"]
[Round "5"]
[White "Lalic, Bogdan"]
[Black "Richterova, Natasa"]
[Result "1/2-1/2"]
[WhiteElo "2371"]
[BlackElo "2211"]
[PlyCount "57"]
[EventDate "2023.07.21"]
[EventType "swiss"]
[EventRounds "9"]
[EventCountry "CZE"]
[SourceTitle "CBM 215 Extra"]
[Source "ChessBase"]
[SourceDate "2023.09.30"]
[SourceVersion "1"]
[SourceVersionDate "2023.09.30"]
[SourceQuality "1"]

1. d4 d5 2. c4 e6 3. Nc3 Nf6 4. Nf3 Be7 5. Bf4 Nh5 6. Be5 Nf6 7. e3 0-0 8. h3 a6 9. cxd5 exd5 10. Bd3 Nbd7 11. 0-0 c6 12. Bh2 Re8 13. Qc2 Nf8 14. Rad1 Bd6 15. Bxd6 Qxd6 16. Ne5 c5 17. f4 c4 18. Be2 b5 19. Bf3 Bb7 20. g4 Re7 21. g5 N6d7 22. Kh1 Nb6 23. a3 Rae8 24. Rg1 Bc6 25. Qf2 a5 26. Ne2 Bd7 27. h4 b4 28. axb4 axb4 29. Ra1 1/2-1/2

[Event "Pardubice Czech op-A 34th"]
[Site "Pardubice"]
[Date "2023.07.22"]
[Round "2"]
[White "Richterova, Natasa"]
[Black "Makhnev, Denis"]
[Result "0-1"]
[WhiteElo "2211"]
[BlackElo "2454"]
[PlyCount "92"]
[EventDate "2023.07.21"]
[EventType "swiss"]
[EventRounds "9"]
[EventCountry "CZE"]
[SourceTitle "CBM 215 Extra"]
[Source "ChessBase"]
[SourceDate "2023.09.30"]
[SourceVersion "1"]
[SourceVersionDate "2023.09.30"]
[SourceQuality "1"]

1. d4 d5 2. c4 e6 3. Nf3 c6 4. Qc2 dxc4 5. Qxc4 Nf6 6. Bg5 h6 7. Bxf6 Qxf6 8. e3 Nd7 9. Nc3 g6 10. Bd3 Bg7 11. 0-0 Qe7 12. Rac1 0-0 13. Bb1 e5 14. Rfe1 Kh8 15. h3 f5 16. dxe5 Nxe5 17. Nxe5 Bxe5 18. Qe2 Be6 19. b3 Rad8 20. Na4 Rfe8 21. Nc5 Bf7 22. Nd3 Bf6 23. Red1 h5 24. Ne1 Rxd1 25. Rxd1 Kg7 26. Nf3 h4 27. Bd3 b5 28. Qc2 Bd5 29. Nd4 Bxd4 30. exd4 f4 31. f3 Qg5 32. Kf1 Re3 33. Be2 Qg3 34. Qd2 g5 35. Qe1 Bxf3 36. gxf3 Qxh3+ 37. Kg1 Qe6 38. Kf2 g4 39. fxg4 f3 40. Rd2 Rxe2+ 41. Rxe2 Qxe2+ 42. Qxe2 fxe2 43. Kxe2 b4 44. Kf3 Kf6 45. Kf4 Kg6 46. g5 h3 0-1

[Event "CZE-ch (Women)"]
[Site "Bystrice nad Pernstejnem"]
[Date "2023.05.16"]
[Round "4.2"]
[White "Sikorova, Olga"]
[Black "Richterova, Natasa"]
[Result "0-1"]
[WhiteElo "2158"]
[BlackElo "2191"]
[PlyCount "122"]
[EventDate "2023.05.09"]
[EventType "k.o."]
[EventRounds "4"]
[EventCountry "CZE"]
[SourceTitle "CBM 214 Extra"]
[Source "ChessBase"]
[SourceDate "2023.07.31"]
[SourceVersion "1"]
[SourceVersionDate "2023.07.31"]
[SourceQuality "1"]

1. Nf3 d5 2. c4 c6 3. g3 Nf6 4. b3 Bg4 5. Bg2 Bxf3 6. Bxf3 e6 7. 0-0 Be7 8. d3 h5 9. e4 dxe4 10. dxe4 Qxd1 11. Rxd1 Nxe4 12. Bxe4 Bf6 13. Na3 Bxa1 14. Nb5 Be5 15. Ba3 a6 16. Nd6+ Bxd6 17. Bxd6 Nd7 18. b4 Nb6 19. Be5 0-0 20. Rc1 Rac8 21. Bd4 Nd7 22. f4 Rfd8 23. Be3 Nf6 24. Bc2 b5 25. Bb6 Rd2 26. cxb5 cxb5 27. Bh7+ Kxh7 28. Rxc8 Rxa2 29. Bc5 Nd5 30. Rf8 Kg6 31. Rg8 Kh7 32. Rf8 Kg6 33. Rg8 Nf6 34. Ra8 Ra4 35. Kg2 Nd5 36. Rg8 Kh7 37. Rf8 f6 38. Re8 Nxb4 39. Rxe6 Nd3 40. Bf8 Kg8 41. Re8 Kf7 42. Rd8 Rc4 43. f5 Rc2+ 44. Kg1 Rc1+ 45. Kg2 Rc2+ 46. Kg1 Ne5 47. Bd6 g6 48. Rf8+ Kg7 49. fxg6 Kxg6 50. h3 Rc6 51. Bb4 Nd3 52. Be7 Re6 53. Rg8+ Kf7 54. Rd8 Rxe7 55. Rxd3 a5 56. Rd5 Re5 57. Rd7+ Ke6 58. Ra7 a4 59. Kf2 Kd5 60. g4 hxg4 61. hxg4 Re6 0-1

[Event "CZE-chT1E 2223"]
[Site "Czech Republic"]
[Date "2023.02.26"]
[Round "9.6"]
[White "Dvorak, Martin"]
[Black "Richterova, Natasa"]
[Result "0-1"]
[WhiteElo "2170"]
[BlackElo "2173"]
[PlyCount "94"]
[EventDate "2022.10.08"]
[EventType "team-tourn"]
[EventRounds "11"]
[EventCountry "CZE"]
[SourceTitle "CBM 213 Extra"]
[Source "ChessBase"]
[SourceDate "2023.05.31"]
[SourceVersion "1"]
[SourceVersionDate "2023.05.31"]
[SourceQuality "1"]
[WhiteTeam "Vlcnov"]
[BlackTeam "Ostrava"]
[WhiteTeamCountry "CZE"]
[BlackTeamCountry "CZE"]

1. e4 Nf6 2. e5 Nd5 3. d4 d6 4. c4 Nb6 5. exd6 cxd6 6. Nc3 g6 7. Be3 Bg7 8. Rc1 0-0 9. b3 Bf5 10. g4 Bd7 11. Bg2 Qc8 12. h3 Bc6 13. d5 Be8 14. h4 N8d7 15. Bh3 Nc5 16. g5 Bd7 17. Bxd7 Nbxd7 18. f4 Re8 19. Nge2 Nf8 20. Ng3 e5 21. 0-0 Qh3 22. Nce2 Ne4 23. Qe1 Qg4 24. Rc2 Nd7 25. f5 gxf5 26. Rxf5 Qxh4 27. Kg2 Nf8 28. Qf1 Ng6 29. Qf3 Nxg3 30. Nxg3 e4 31. Qe2 Be5 32. Nf1 Bf4 33. Bf2 e3 34. Bxh4 Nxh4+ 35. Kh3 Nxf5 36. Qd3 Re5 37. Kg4 Bxg5 38. Re2 h6 39. Nh2 Rae8 40. Nf3 Re4+ 41. Kh3 b6 42. Qd1 Rf4 43. Qh1 Ree4 44. Nh2 Nd4 45. Re1 f5 46. Qg1 Rh4+ 47. Kg2 Rhg4+ 0-1

[Event "Titled Tuesday intern op 31st Jan Late"]
[Site "Chess.com INT"]
[Date "2023.01.31"]
[Round "7"]
[White "Richterova, Natasa"]
[Black "Tanenbaum, Zachary Chen"]
[Result "0-1"]
[WhiteElo "2183"]
[BlackElo "2244"]
[PlyCount "88"]
[EventDate "2023.01.31"]
[EventType "swiss (blitz)"]
[EventRounds "11"]
[EventCountry "USA"]
[SourceTitle "CBM 212 Extra"]
[Source "ChessBase"]
[SourceDate "2023.03.31"]
[SourceVersion "1"]
[SourceVersionDate "2023.03.31"]
[SourceQuality "1"]

1. e4 e5 2. Nf3 Nc6 3. Bc4 Nf6 4. d3 Be7 5. 0-0 0-0 6. Re1 d6 7. c3 Be6 8. Bxe6 fxe6 9. Qb3 Qd7 10. Qxb7 Nh5 11. Qb3 Rxf3 12. gxf3 Rf8 13. Qd1 Bh4 14. Be3 d5 15. d4 Qf7 16. exd5 exd5 17. Nd2 Nf4 18. Bxf4 Qxf4 19. Qe2 e4 20. Nf1 Qg5+ 21. Ng3 Rxf3 22. Qb5 e3 23. Rxe3 Rxe3 24. fxe3 Bxg3 25. hxg3 Qxg3+ 26. Kf1 Qf3+ 27. Ke1 Qxe3+ 28. Qe2 Qg1+ 29. Kd2 Qg5+ 30. Kc2 Qg6+ 31. Kc1 Nd8 32. b3 Ne6 33. Kb2 Nf4 34. Qe3 Nd3+ 35. Kc2 Nb4+ 36. Kd1 Nc2 37. Qc1 Qd3+ 38. Qd2 Qxd2+ 39. Kxd2 Nxa1 40. c4 dxc4 41. bxc4 Kf7 42. Kc3 h5 43. Kb2 h4 44. Kxa1 h3 0-1

[Event "EU-ch (Women) 22nd"]
[Site "Prague"]
[Date "2022.08.28"]
[Round "8"]
[White "Richterova, Natasa"]
[Black "Kochavi, Dana"]
[Result "1-0"]
[WhiteElo "2215"]
[BlackElo "1894"]
[PlyCount "69"]
[EventDate "2022.08.20"]
[EventType "swiss"]
[EventRounds "11"]
[EventCountry "CZE"]
[SourceTitle "CBM 209 Extra"]
[Source "ChessBase"]
[SourceDate "2022.09.30"]
[SourceVersion "1"]
[SourceVersionDate "2022.09.30"]
[SourceQuality "1"]

1. e4 c6 2. Nf3 d5 3. d3 Bg4 4. h3 Bh5 5. Qe2 e6 6. g4 Bg6 7. h4 dxe4 8. dxe4 h5 9. g5 Nd7 10. Nbd2 Qc7 11. Nb3 Bd6 12. Bd2 Ne7 13. 0-0-0 0-0-0 14. Bc3 e5 15. Bh3 Kb8 16. Rxd6 Qxd6 17. Rd1 Qc7 18. Bxd7 f6 19. Nc5 Bf7 20. Be6 Nc8 21. Bxf7 Qxf7 22. gxf6 gxf6 23. Nxe5 fxe5 24. Bxe5+ Ka8 25. Bxh8 Rxh8 26. Kb1 Qe7 27. Qe3 Qxh4 28. f4 Qg4 29. Rg1 Qh4 30. a3 Qe7 31. Qc3 Rf8 32. f5 a6 33. Ne6 Rf7 34. Rg8 Qd7 35. Rd8 1-0

[Event "EU-ch (Women) 22nd"]
[Site "Prague"]
[Date "2022.08.27"]
[Round "7"]
[White "Vanduyfhuys, Daria"]
[Black "Richterova, Natasa"]
[Result "1-0"]
[WhiteElo "2054"]
[BlackElo "2215"]
[PlyCount "131"]
[EventDate "2022.08.20"]
[EventType "swiss"]
[EventRounds "11"]
[EventCountry "CZE"]
[SourceTitle "CBM 209 Extra"]
[Source "ChessBase"]
[SourceDate "2022.09.30"]
[SourceVersion "1"]
[SourceVersionDate "2022.09.30"]
[SourceQuality "1"]

1. d4 Nf6 2. c4 e6 3. Nf3 Bb4+ 4. Bd2 Qe7 5. Nc3 Nc6 6. g3 0-0 7. Bg2 Na5 8. b3 b6 9. 0-0 Bb7 10. Qc2 Rac8 11. Rfd1 Rfd8 12. Ne5 Bxg2 13. Kxg2 d6 14. Nd3 Nc6 15. e3 Bxc3 16. Bxc3 d5 17. Bb2 Nb4 18. Nxb4 Qxb4 19. c5 Qb5 20. a4 Qe8 21. b4 h6 22. Qd3 Nh7 23. Qa6 Ra8 24. Rdc1 Qe7 25. Ba3 Qf6 26. Qb7 Rdc8 27. cxb6 axb6 28. Rxc7 Rcb8 29. Qc6 Ng5 30. f4 Ne4 31. b5 Qg6 32. Be7 Qg4 33. Qc2 Re8 34. a5 bxa5 35. b6 e5 36. dxe5 Qe6 37. b7 Rab8 38. Bc5 Qa6 39. Rb1 Nxc5 40. Qxc5 Qe2+ 41. Kg1 d4 42. Qxd4 Red8 43. Qc4 Qxe3+ 44. Kg2 Kh7 45. Kh3 Qf3 46. Qxf7 Rg8 47. Qf5+ Kh8 48. Qc2 a4 49. Rb6 Qh5+ 50. Kg2 a3 51. h3 Rgd8 52. g4 Qh4 53. Qf2 Qxf2+ 54. Kxf2 Kh7 55. Ra6 Rd2+ 56. Ke3 Rh2 57. Ke4 Rb2 58. Rxa3 R8xb7 59. Rxb7 Rxb7 60. Rd3 Kg6 61. f5+ Kf7 62. e6+ Kf6 63. Rd7 Rb4+ 64. Kd5 Rb5+ 65. Kc6 Re5 66. Rf7+ 1-0

[Event "EU-ch (Women) 22nd"]
[Site "Prague"]
[Date "2022.08.23"]
[Round "4"]
[White "Richterova, Natasa"]
[Black "Sargsyan, Anna M"]
[Result "0-1"]
[WhiteElo "2215"]
[BlackElo "2378"]
[PlyCount "66"]
[EventDate "2022.08.20"]
[EventType "swiss"]
[EventRounds "11"]
[EventCountry "CZE"]
[SourceTitle "CBM 209 Extra"]
[Source "ChessBase"]
[SourceDate "2022.09.30"]
[SourceVersion "1"]
[SourceVersionDate "2022.09.30"]
[SourceQuality "1"]

1. Nf3 d5 2. c4 d4 3. e3 Nc6 4. b4 dxe3 5. fxe3 Nxb4 6. Nc3 c5 7. a3 Na6 8. Ne5 Nf6 9. d4 e6 10. d5 Bd6 11. Qa4+ Nd7 12. Nf3 0-0 13. Ne4 Nb6 14. Qd1 exd5 15. cxd5 Nc7 16. Be2 Re8 17. Nxd6 Qxd6 18. 0-0 Qxd5 19. Qc2 Bf5 20. Qc3 f6 21. a4 Qc6 22. Ng5 Bg6 23. Bf3 Ncd5 24. Qd2 Rad8 25. Nh3 Be4 26. Bxe4 Rxe4 27. a5 Nc4 28. Qd3 Rg4 29. Qe2 Ne5 30. Bb2 Nxe3 31. Rf2 N5c4 32. Rc1 Rd2 33. Rxc4 Rxe2 0-1

[Event "CZE-ch (Women)"]
[Site "Jaromerice nad Rokytnou"]
[Date "2022.05.21"]
[Round "1"]
[White "Richterova, Natasa"]
[Black "Zelbova, Lada"]
[Result "1-0"]
[WhiteElo "2181"]
[BlackElo "1967"]
[PlyCount "161"]
[EventDate "2022.05.21"]
[EventType "tourn"]
[EventRounds "9"]
[EventCountry "CZE"]
[SourceTitle "CBM 208 Extra"]
[Source "ChessBase"]
[SourceDate "2022.07.31"]
[SourceVersion "1"]
[SourceVersionDate "2022.07.31"]
[SourceQuality "1"]

1. e4 c5 2. Nf3 d6 3. Bb5+ Nd7 4. 0-0 a6 5. Bxd7+ Bxd7 6. Re1 e5 7. c3 Qc7 8. d4 Nf6 9. Bg5 Be7 10. h3 Rd8 11. Qe2 0-0 12. dxe5 dxe5 13. c4 Bc6 14. Nc3 Nh5 15. Nd5 Bxd5 16. exd5 Bxg5 17. Nxg5 Nf4 18. Qe4 Ng6 19. h4 h6 20. h5 hxg5 21. hxg6 Rde8 22. gxf7+ Qxf7 23. Qe3 Qf4 24. Rac1 Rf6 25. g3 Qf5 26. Re2 Rh6 27. Qe4 Qh3 28. Qg2 Qg4 29. Re4 Qf5 30. Rc3 g4 31. Rce3 Rh5 32. f3 gxf3 33. Qxf3 Rf8 34. Qxf5 Rhxf5 35. Re2 Re8 36. Kg2 g5 37. Kh3 Kf7 38. Kg4 Kg6 39. R4e3 Re7 40. d6 Rd7 41. Rxe5 Rxd6 42. Rxf5 Rd4+ 43. Rf4 gxf4 44. gxf4 Rxc4 45. Re6+ Kf7 46. Rb6 Rc2 47. Kf5 c4 48. Rxb7+ Kg8 49. Kg6 Rg2+ 50. Kf6 Rc2 51. Rb8+ Kh7 52. b3 Rb2 53. Rb7+ Kh6 54. Rb4 c3 55. f5 Kh5 56. Rc4 Rxa2 57. Rxc3 Rf2 58. Rc4 Rf3 59. Rb4 a5 60. Rb5 Kh6 61. Rb8 Kh7 62. Rb5 Kg8 63. Ke6 Re3+ 64. Kd6 Rf3 65. Kc6 Kf7 66. Kb6 Kf6 67. Kxa5 Ke7 68. b4 Kd7 69. Rc5 Rf4 70. b5 Rd4 71. Rc6 Rd5 72. f6 Rf5 73. Kb6 Kd8 74. Rd6+ Kc8 75. Kc6 Rf1 76. b6 Rc1+ 77. Kd5 Re1 78. f7 Rf1 79. Ke6 Re1+ 80. Kf6 Rf1+ 81. Ke7 1-0